Eastern Bloc Quiz - Statistics

General Stats
  • This quiz has been taken 52 times
  • The average score is 7 of 12
Answer Stats
Question Answer % Correct
Prague Spring happened in what Country? Czechoslovakia
91%
Nicolae Ceasusescu ruled which Country from 1967-1989? Romania
86%
This Country was the Largest Country by Area in the Eastern Bloc? Soviet Union
73%
First Country to Abandon Communism out of Eastern Bloc? Poland
64%
Which Country had the Most Defectors out of the Eastern Bloc? East Germany
59%
In 1951, Which Country had the Highest GDP Growth Rate out of the Eastern Bloc Country? Bulgaria
50%
Country in Eastern Bloc with the Highest Annual Population Growth? Albania
45%
Which Country had the Least Defectors out of Eastern Bloc? Albania
45%
Which Country had the Highest Housing Quality? East Germany
43%
In 1989, which Country has the Lowest GDP Growth Rate? Poland
39%
Before WW2, this Country only had 700 members of the communist party, the lowest in Eastern Bloc Albania
34%
By the end of 1970, which Country had the Lowest GDP per Capita? Yugoslavia
30%
No matching quizzes found
Score Distribution
Percent of People with Each Score
Percentile by Number Answered
Your Score History
You have not taken this quiz